| 000 | 00848nam a22002535i 4500 | ||
|---|---|---|---|
| 999 |
_c329164 _d329164 |
||
| 001 | 18927582 | ||
| 003 | Nust | ||
| 005 | 20170425152504.0 | ||
| 008 | 160106s2016 inu 000 0 eng | ||
| 010 | _a 2016930227 | ||
| 040 |
_aDLC _beng _erda _cDLC |
||
| 042 | _apcc | ||
| 082 |
_a327.7307291 _bWAL |
||
| 100 | 1 | _aBrown, Steven. | |
| 245 | 1 | 0 |
_aUltimate sacrifice / _cLamar Waldron |
| 263 | _a1601 | ||
| 264 | 1 |
_aLondon _bConstable, _c2005. |
|
| 300 | _apages cm | ||
| 336 |
_atext _btxt _2rdacontent |
||
| 337 |
_aunmediated _bn _2rdamedia |
||
| 338 |
_avolume _bnc _2rdacarrier |
||
| 906 |
_a0 _bibc _corignew _d2 _eepcn _f20 _gy-gencatlg |
||
| 942 |
_2ddc _cBK |
||